Technology, strategy and national security
Bewaard in:
| Hoofdauteur: | |
|---|---|
| Formaat: | Boek |
| Taal: | Undetermined |
| Gepubliceerd in: |
Washington,D.C
National Defense University press
1985
|
| Onderwerpen: | |
| Tags: |
Voeg label toe
Geen labels, Wees de eerste die dit record labelt!
|
| Thư viện lưu trữ: | Trung tâm Học liệu Trường Đại học Cần Thơ |
|---|
| LEADER | 00569nam a2200193Ia 4500 | ||
|---|---|---|---|
| 001 | CTU_80092 | ||
| 008 | 210402s9999 xx 000 0 und d | ||
| 082 | |a 355 | ||
| 082 | |b M298 | ||
| 100 | |a Margiotta, Franklin D. | ||
| 245 | 0 | |a Technology, strategy and national security | |
| 245 | 0 | |c Franklin D. Margiotta | |
| 260 | |a Washington,D.C | ||
| 260 | |b National Defense University press | ||
| 260 | |c 1985 | ||
| 650 | |a Military art science,Strategy | ||
| 650 | |z United states | ||
| 904 | |i Trọng Hải | ||
| 980 | |a Trung tâm Học liệu Trường Đại học Cần Thơ | ||